| 000 | 00334nam a22001337a 4500 | ||
|---|---|---|---|
| 008 | 250402b |||||||| |||| 00| 0 eng d | ||
| 020 | _a9789786371 | ||
| 050 |
_aHD95 _b.M37 |
||
| 100 | _aMARINHO F. R. A. | ||
| 245 | _aNigeria's Petroleum Industry; A Maverick | ||
| 260 |
_aLagos _bMacMillan _c2008 |
||
| 300 | _axv, 618p. | ||
| 942 | _cBK | ||
| 999 |
_c2796 _d2796 |
||